000 00438nam a2200193Ia 4500
008 170918s9999 xx 000 0 und d
020 _a9780545534079
050 _bD231 2012
100 _aDaswani, Kavita
245 _aLovetorn /
245 _cby Kavita Daswani.
260 _aNew York :
260 _bScholastic,
260 _c2012
300 _a250 pages :
300 _billustrations ;
300 _c20cm.
500 _a770
999 _c344195
_d344195